Academic writing: intercultural and textual issues
Guardat en:
| Autors principals: | , |
|---|---|
| Format: | Llibre |
| Idioma: | anglès |
| Publicat: |
Amsterdam
John Benjamins
1996
|
| Col·lecció: | Pragmatics & Beyond New Series, 41
|
| Matèries: | |
| Etiquetes: |
Afegir etiqueta
Sense etiquetes, Sigues el primer a etiquetar aquest registre!
|
MARC
| LEADER | 00000nam a2200000 a 4500 | ||
|---|---|---|---|
| 001 | UCL3592 | ||
| 003 | CL-VaPUC | ||
| 008 | 031128e19960000NE |||||||||||||||||eng|d | ||
| 020 | |a 9027250537 | ||
| 082 | 0 | 4 | |a 808.042 |b VEN |2 21 |
| 100 | 0 | |a Ventola, Eija |e author |9 480938 | |
| 700 | 0 | |a Mauranen, Anna |e author |9 480939 | |
| 245 | 1 | 0 | |a Academic writing: intercultural and textual issues |
| 300 | |a 260 p | ||
| 942 | |c BK | ||
| 945 | |d 20031128 00:00:00 |a cmena | ||
| 260 | |a Amsterdam |b John Benjamins |c 1996 | ||
| 650 | 0 | |a Retórica |9 266620 | |
| 650 | 0 | |a Educación lingüística |9 306506 | |
| 650 | 0 | |a Análisis del discurso |9 256696 | |
| 650 | 0 | |a Educación multicultural |9 468257 | |
| 583 | |a last modification |c 20031128 00:00:00 |k Rodrigo Vera | ||
| 490 | 0 | |a Pragmatics & Beyond New Series, 41 | |
| 999 | |c 306612 |d 306610 | ||
| 952 | |0 0 |1 0 |4 0 |6 808_042000000000000_VEN_1996 |7 0 |8 A |9 371758 |a FDOPOS |b FDOPOS |d 2019-11-21 |i 3970000 |o 808.042 VEN 1996 |p 3970000 |r 2025-01-22 |w 2019-11-21 |y BK |k MLA | ||
| 952 | |0 0 |1 0 |4 0 |6 808_042000000000000_VEN_1996 |7 0 |8 A |9 371759 |a BIBEDU |b BIBEDU |d 2019-11-21 |i 4222520 |o 808.042 VEN 1996 |p 4222520 |r 2019-11-21 |w 2019-11-21 |y BK |k LIT | ||